[Event "Cto Aragon Equipos Pref Gr II"]
[Site "Aragon"]
[Date "2018.03.10"]
[Round "7.57"]
[White "Zambrana Petisme, Ramiro"]
[Black "Aguirre Izaguirre, Pedro Jose"]
[Result "0-1"]
[WhiteElo "2066"]
[BlackElo "2196"]
[PlyCount "110"]
[EventDate "2018.??.??"]
[EventType "tourn"]
[EventRounds "9"]
[EventCountry "ESP"]
[WhiteTeam "Palacio de Pioneros B"]
[BlackTeam "Ibercaja B"]

1. e4 c6 2. Nc3 g6 3. d4 Bg7 4. Bc4 d6 5. f4 Nd7 6. Nf3 Nb6 7. Bb3 d5 8. O-O
Nh6 9. Ne5 f6 10. Nf3 Be6 11. Re1 Bf7 12. a4 a5 13. Qe2 dxe4 14. Bxf7+ Kxf7 15.
Nxe4 Nf5 16. Nc5 Nxd4 17. Nxd4 Qxd4+ 18. Be3 Qc4 19. Nxb7 Qxe2 20. Rxe2 Nd5 21.
b3 f5 22. Rae1 Nxe3 23. Rxe3 Bd4 24. c3 Bxe3+ 25. Rxe3 Ra7 26. Nc5 Rd8 27. Kf2
Rd5 28. Nd3 Kf6 29. Ne5 Rc7 30. Rh3 e6 31. Ke2 Rb7 32. c4 Rxe5+ 33. fxe5+ Kxe5
34. Rd3 f4 35. h4 Ke4 36. Rd6 e5 37. Rd3 Kf5 38. Rd6 Rxb3 39. Rxc6 Ke4 40. Rc5
Rb2+ 41. Kf1 Rb4 42. Rxa5 Rxc4 43. Ra8 Ke3 44. Kg1 e4 45. a5 Rc1+ 46. Kh2 Rc2
47. Kg1 Rc1+ 48. Kh2 Kf2 49. Rf8 f3 50. a6 Ra1 51. Rf6 Ra3 52. Rf4 Ke3 53. Rf7
f2 54. g4 Ke2 55. Kg2 e3 0-1

[Event "Cto Aragon Equipos Pref Gr II"]
[Site "Aragon"]
[Date "2018.03.10"]
[Round "7.58"]
[White "Jimenez Fernandez, Alejandro"]
[Black "Sacristan Latorre, Alberto"]
[Result "1/2-1/2"]
[WhiteElo "1965"]
[BlackElo "2055"]
[PlyCount "81"]
[EventDate "2018.??.??"]
[EventType "tourn"]
[EventRounds "9"]
[EventCountry "ESP"]
[WhiteTeam "Ibercaja B"]
[BlackTeam "Palacio de Pioneros B"]

1. d4 Nf6 2. Nf3 b5 3. a4 b4 4. g3 Bb7 5. Bg2 e6 6. O-O Be7 7. Nbd2 c5 8. dxc5
Bxc5 9. Nb3 Be7 10. a5 O-O 11. Be3 d6 12. Qd2 Na6 13. Rfd1 Qc7 14. Ne1 Bxg2 15.
Kxg2 Nd5 16. Bd4 Rfd8 17. f3 Nc5 18. Nc1 Rab8 19. Ned3 e5 20. Bf2 e4 21. Nf4
exf3+ 22. exf3 Nxf4+ 23. Qxf4 Bf6 24. Ra2 Rb5 25. b3 Ne6 26. Qc4 Qxc4 27. bxc4
Rb7 28. Rd5 Kf8 29. Rb5 Rdd7 30. Ra4 Nd4 31. Bxd4 Bxd4 32. Raxb4 Rbc7 33. Ne2
Bc5 34. Rb3 f6 35. Nf4 Re7 36. Kf1 Re8 37. Rb8 Rxb8 38. Rxb8+ Kf7 39. a6 Rc6
40. Rb7+ Kg8 41. Rb8+ 1/2-1/2

[Event "Cto Aragon Equipos Pref Gr II"]
[Site "Aragon"]
[Date "2018.03.10"]
[Round "7.59"]
[White "Gomez Salinas, Nestor"]
[Black "Millan Martin, Alfonso"]
[Result "1-0"]
[WhiteElo "1976"]
[BlackElo "1931"]
[PlyCount "125"]
[EventDate "2018.??.??"]
[EventType "tourn"]
[EventRounds "9"]
[EventCountry "ESP"]
[WhiteTeam "Palacio de Pioneros B"]
[BlackTeam "Ibercaja B"]

1. g4 d5 2. Bg2 c5 3. h3 Nc6 4. c4 d4 5. d3 Qc7 6. Na3 a6 7. Nc2 e5 8. Bd2 Bd6
9. Rb1 Nge7 10. b4 cxb4 11. Nxb4 Nxb4 12. Bxb4 Bxb4+ 13. Rxb4 Qa5 14. Qa4+ Qxa4
15. Rxa4 Nc6 16. Bxc6+ bxc6 17. Rb4 c5 18. Rb6 Kd7 19. Nf3 Kc7 20. Rb3 Bb7 21.
Kd2 Rhb8 22. Re1 Bxf3 23. exf3 Rxb3 24. axb3 Kd6 25. Ra1 a5 26. Ke2 Ra6 27. h4
Ke6 28. f4 f5 29. Kf3 fxg4+ 30. Kxg4 Kf6 31. fxe5+ Kxe5 32. f4+ Kd6 33. h5 Ra7
34. f5 Ke5 35. Ra2 Ra6 36. Kg5 h6+ 37. Kg4 Kf6 38. Kf4 Ra7 39. Ra1 Ra8 40. Re1
Rb8 41. Re6+ Kf7 42. Rc6 Rxb3 43. Ke4 Rb7 44. Rxc5 Ra7 45. Kxd4 a4 46. Rb5 a3
47. Rb1 a2 48. Ra1 Kf6 49. Ke4 Ke7 50. d4 Kd6 51. Kd3 Ra5 52. Kc3 Rxf5 53. Rxa2
Rxh5 54. Ra6+ Ke7 55. Ra7+ Kf8 56. c5 Rh1 57. Kc4 g5 58. c6 g4 59. Kd5 g3 60.
c7 Rc1 61. Ra8+ Kf7 62. c8=Q Rxc8 63. Rxc8 1-0

[Event "Cto Aragon Equipos Pref Gr II"]
[Site "Aragon"]
[Date "2018.03.10"]
[Round "7.60"]
[White "Villalba Embid, Marcos"]
[Black "Sacristan Latorre, Carlos"]
[Result "1-0"]
[WhiteElo "1874"]
[BlackElo "1637"]
[PlyCount "89"]
[EventDate "2018.??.??"]
[EventType "tourn"]
[EventRounds "9"]
[EventCountry "ESP"]
[WhiteTeam "Ibercaja B"]
[BlackTeam "Palacio de Pioneros B"]

1. e4 c5 2. Nf3 d6 3. d4 cxd4 4. Nxd4 Nf6 5. Nc3 a6 6. Be3 Qc7 7. f3 Nbd7 8.
Qd2 b5 9. g4 Nb6 10. Qf2 Nc4 11. Bxc4 Qxc4 12. g5 Nd7 13. O-O-O Bb7 14. Kb1 e6
15. h4 Be7 16. h5 Nf8 17. Qg2 O-O-O 18. Nb3 Nd7 19. g6 fxg6 20. hxg6 h6 21. Na5
Qc7 22. Nxb7 Kxb7 23. f4 Qc6 24. Bd4 Bf6 25. Rhe1 Bxd4 26. Rxd4 Rhf8 27. Qd2
Nb6 28. b3 Rf6 29. e5 Rxg6 30. Qd3 Rg2 31. exd6 g5 32. fxg5 hxg5 33. Rxe6 g4
34. Re7+ Rd7 35. Ne4 a5 36. Nf6 g3 37. Nxd7 Nxd7 38. Rxd7+ Qxd7 39. Qe4+ Qc6
40. Qxc6+ Kxc6 41. d7 Rg1+ 42. Kb2 g2 43. d8=Q Rb1+ 44. Kxb1 g1=Q+ 45. Kb2 1-0

[Event "Cto Aragon Equipos Pref Gr II"]
[Site "Aragon"]
[Date "2018.03.10"]
[Round "7.61"]
[White "Antonano Fedz-Quincoces, Avelino"]
[Black "Melendez Fierro, Juan Bautista"]
[Result "1-0"]
[WhiteElo "2042"]
[BlackElo "2117"]
[PlyCount "55"]
[EventDate "2018.??.??"]
[EventType "tourn"]
[EventRounds "9"]
[EventCountry "ESP"]
[WhiteTeam "St Casablanca C"]
[BlackTeam "El Olivar B"]

1. e4 e6 2. d4 d5 3. Nd2 c5 4. c3 Nc6 5. Ngf3 cxd4 6. cxd4 Nf6 7. Bd3 Nb4 8.
Bb1 dxe4 9. Nxe4 Be7 10. O-O Nxe4 11. Bxe4 f5 12. Bb1 Nd5 13. Ne5 O-O 14. a3
Qd6 15. Re1 b6 16. Ba2 Bb7 17. Qe2 Nc7 18. Bd2 Qxd4 19. Bc3 Qe4 20. Qf1 Qh4 21.
Re3 Bc5 22. Rg3 f4 23. Rxg7+ Kxg7 24. Nf3+ Qf6 25. Bxf6+ Rxf6 26. Qd3 Nd5 27.
Rc1 Rc8 28. Rc2 {Pierde por tiempo} 1-0

[Event "Cto Aragon Equipos Pref Gr II"]
[Site "Aragon"]
[Date "2018.03.10"]
[Round "7.62"]
[White "Veras Sanz, Marino"]
[Black "Rodes Apilluelo, Jose Maria"]
[Result "1-0"]
[WhiteElo "2090"]
[BlackElo "1976"]
[PlyCount "69"]
[EventDate "2018.??.??"]
[EventType "tourn"]
[EventRounds "9"]
[EventCountry "ESP"]
[WhiteTeam "El Olivar B"]
[BlackTeam "St Casablanca C"]

1. Nf3 d5 2. g3 Nf6 3. Bg2 e6 4. O-O c5 5. d4 Be7 6. b3 Nc6 7. Bb2 O-O 8. Nbd2
Qc7 9. c4 b6 10. Rc1 Bb7 11. cxd5 exd5 12. Nb1 Ne4 13. dxc5 Bxc5 14. Qxd5 Rfe8
15. Qh5 Qe7 16. Nc3 Nxc3 17. Bxc3 Qxe2 18. b4 Nd4 19. Bxd4 Bxd4 20. Rc7 Bxf3
21. Bxf3 Qe5 22. Qxf7+ Kh8 23. Bxa8 Rxa8 24. Re7 Qb5 25. Rfe1 h6 26. Re8+ Rxe8
27. Qxe8+ Qxe8 28. Rxe8+ Kh7 29. Ra8 b5 30. Rd8 Bb6 31. Rd5 Kg6 32. Rxb5 Bd4
33. Kg2 h5 34. f4 Kh6 35. Kf3 1-0

[Event "Cto Aragon Equipos Pref Gr II"]
[Site "Aragon"]
[Date "2018.03.10"]
[Round "7.63"]
[White "Sanjulian Arruga, Pablo"]
[Black "Gracia Campo, Carlos Alberto"]
[Result "0-1"]
[WhiteElo "1788"]
[BlackElo "2058"]
[PlyCount "52"]
[EventDate "2018.??.??"]
[EventType "tourn"]
[EventRounds "9"]
[EventCountry "ESP"]
[WhiteTeam "St Casablanca C"]
[BlackTeam "El Olivar B"]

1. c4 c5 2. g3 g6 3. Bg2 Bg7 4. Nc3 Nc6 5. Nf3 Nf6 6. e3 O-O 7. d4 d6 8. O-O a6
9. b3 Rb8 10. Bb2 b5 11. dxc5 dxc5 12. Qe2 Qa5 13. cxb5 axb5 14. Rfd1 c4 15.
Nd2 Ne5 16. Nce4 Nxe4 17. Bxe5 Bxe5 18. Nxe4 Bxa1 19. Rxa1 cxb3 20. Qb2 bxa2
21. Nc3 Be6 22. h4 b4 23. Nxa2 Ra8 24. Bxa8 Rxa8 25. h5 b3 26. h6 f6 0-1

[Event "Cto Aragon Equipos Pref Gr II"]
[Site "Aragon"]
[Date "2018.03.10"]
[Round "7.64"]
[White "Arinez Bruna, Octavio"]
[Black "Lazaro Abadias, Andres"]
[Result "1-0"]
[WhiteElo "1906"]
[BlackElo "1478"]
[PlyCount "53"]
[EventDate "2018.??.??"]
[EventType "tourn"]
[EventRounds "9"]
[EventCountry "ESP"]
[WhiteTeam "El Olivar B"]
[BlackTeam "St Casablanca C"]

1. d4 d5 2. c4 e6 3. Nc3 c6 4. cxd5 exd5 5. Qc2 Bg4 6. Bf4 Bd6 7. Bg3 Bxg3 8.
hxg3 Nf6 9. e3 O-O 10. Bd3 g6 11. Nf3 Qc7 12. Ne5 Re8 13. Rh4 Be6 14. O-O-O Kg7
15. g4 Nbd7 16. g5 Nh5 17. g4 Nxe5 18. dxe5 Qxe5 19. gxh5 Qxg5 20. h6+ Kg8 21.
Rdh1 b5 22. Kb1 Bd7 23. Ne2 Rec8 24. Qc3 f6 25. f4 b4 26. Qxb4 Qg2 27. Qe7 1-0

[Event "Cto Aragon Equipos Pref Gr II"]
[Site "Aragon"]
[Date "2018.03.10"]
[Round "7.65"]
[White "Cajo Esteban, Ruben"]
[Black "Climente Martinez, Jose Luis"]
[Result "1-0"]
[WhiteElo "1892"]
[BlackElo "2068"]
[PlyCount "143"]
[EventDate "2018.??.??"]
[EventType "tourn"]
[EventRounds "9"]
[EventCountry "ESP"]
[WhiteTeam "Dr. Azua"]
[BlackTeam "Sabiñanigo"]

1. d4 Nf6 2. Nf3 e6 3. c4 d5 4. Nc3 c6 5. Bg5 Nbd7 6. e3 h6 7. Bh4 Be7 8. cxd5
exd5 9. Bd3 O-O 10. O-O Re8 11. Qc2 Ne4 12. Bxe7 Qxe7 13. Rab1 Ndf6 14. b4 Nxc3
15. Qxc3 Ne4 16. Qc2 a6 17. a4 Bd7 18. Bxe4 Qxe4 19. Qxe4 dxe4 20. Ne5 Be6 21.
Rfc1 Red8 22. Rc5 f6 23. Ng6 Bf7 24. Nf4 g5 25. Ne2 Rac8 26. Ng3 Bg6 27. Rbc1
Rd6 28. b5 axb5 29. axb5 Kf7 30. bxc6 Rdxc6 31. Rxc6 Rxc6 32. Rxc6 bxc6 33. Ne2
Ke7 34. Nc3 f5 35. g3 Kd6 36. Na4 Bf7 37. Nc5 Bc4 38. g4 Bd5 39. gxf5 Ke7 40.
Kg2 Kf6 41. Kg3 Kxf5 42. h4 h5 43. Nb7 Kf6 44. Nc5 Kf5 45. Na4 Kf6 46. Nc3 Kf5
47. Ne2 Kf6 48. hxg5+ Kxg5 49. Nf4 h4+ 50. Kh3 Bc4 51. Kg2 Kg4 52. Ng6 h3+ 53.
Kh2 Bb5 54. Ne5+ Kh4 55. Kg1 Kg5 56. Kh1 Kh5 57. Nd7 Kg4 58. Ne5+ Kh5 59. Kh2
Kh4 60. Nf7 Kg4 61. Ne5+ Kh4 62. Kg1 Ba4 63. Nf7 Kg4 64. Kh2 Kf3 65. Ne5+ Kxf2
66. Ng4+ Kf3 67. Kxh3 Bb5 68. Kh4 Ke2 69. Kg3 Ba4 70. Kf4 Bc2 71. Nf6 Kd3 72.
Nxe4 {ilegible} 1-0

[Event "Cto Aragon Equipos Pref Gr II"]
[Site "Aragon"]
[Date "2018.03.10"]
[Round "7.66"]
[White "Ainsa Claver, Ignacio"]
[Black "Solera Sanchez, Roberto"]
[Result "1-0"]
[WhiteElo "1927"]
[BlackElo "1837"]
[PlyCount "67"]
[EventDate "2018.??.??"]
[EventType "tourn"]
[EventRounds "9"]
[EventCountry "ESP"]
[WhiteTeam "Sabiñanigo"]
[BlackTeam "Dr. Azua"]

1. c4 Nf6 2. Nc3 c5 3. g3 g6 4. Bg2 Bg7 5. Nf3 d6 6. O-O O-O 7. a3 Nc6 8. Rb1
a5 9. d3 e5 10. Bg5 h6 11. Bd2 Be6 12. Ne1 Qd7 13. Nd5 Bxd5 14. cxd5 Ne7 15. e4
b5 16. b3 Kh7 17. h4 c4 18. dxc4 bxc4 19. bxc4 Rfc8 20. Qc2 Nh5 21. Kh2 f5 22.
Bh3 Nf6 23. f3 Rc7 24. Ng2 Qc8 25. Ne3 Qa6 26. Rfc1 fxe4 27. fxe4 Rf8 28. Rf1
Rc5 29. a4 h5 30. Qa2 Bh6 31. Kg2 Bxe3 32. Bxe3 Qxc4 33. Qxc4 Rxc4 34. Rb7 1-0

[Event "Cto Aragon Equipos Pref Gr II"]
[Site "Aragon"]
[Date "2018.03.10"]
[Round "7.67"]
[White "Lebron Duran, Jose Maria"]
[Black "Garcia Estruch, Jorge"]
[Result "0-1"]
[WhiteElo "1835"]
[BlackElo "1785"]
[PlyCount "62"]
[EventDate "2018.??.??"]
[EventType "tourn"]
[EventRounds "9"]
[EventCountry "ESP"]
[WhiteTeam "Dr. Azua"]
[BlackTeam "Sabiñanigo"]

1. e4 e5 2. Nf3 Nc6 3. c3 d5 4. Qa4 Qd6 5. d4 Bd7 6. Bb5 exd4 7. exd5 Qxd5 8.
O-O a6 9. Re1+ Nge7 10. Nxd4 O-O-O 11. Nxc6 Nxc6 12. Bc4 Qf5 13. Na3 Na5 14.
Qd1 Bxa3 15. Bd3 Qd5 16. c4 Nxc4 17. Qb3 Bc6 18. Be4 Rhe8 19. Qh3+ Bd7 20. Qf3
Bb4 21. Bf4 Qb5 22. Rec1 c6 23. a4 Qc5 24. Qg3 Rxe4 25. b3 Qd4 26. Bb8 Bd6 27.
Bxd6 Nxd6 28. Rd1 Nf5 29. Qh3 Rde8 30. g3 Qxd1+ 31. Rxd1 Re1+ 0-1

[Event "Cto Aragon Equipos Pref Gr II"]
[Site "Aragon"]
[Date "2018.03.10"]
[Round "7.68"]
[White "Martinez Carnicer, Eduardo"]
[Black "Garcia Garcia, Enrique"]
[Result "1/2-1/2"]
[WhiteElo "1738"]
[BlackElo "1726"]
[PlyCount "233"]
[EventDate "2018.??.??"]
[EventType "tourn"]
[EventRounds "9"]
[EventCountry "ESP"]
[WhiteTeam "Sabiñanigo"]
[BlackTeam "Dr. Azua"]

1. e4 c5 2. Nc3 d6 3. g3 Nc6 4. Bg2 g6 5. d3 Bg7 6. f4 Nf6 7. Nf3 O-O 8. O-O
Rb8 9. Ne2 Qc7 10. c3 b5 11. a3 a5 12. h3 b4 13. e5 dxe5 14. Nxe5 Bb7 15. axb4
axb4 16. d4 bxc3 17. bxc3 cxd4 18. cxd4 Nxe5 19. dxe5 Rfd8 20. Qe1 Qb6+ 21. Qf2
Qxf2+ 22. Rxf2 Bxg2 23. Kxg2 Ne4 24. Rf1 f6 25. exf6 exf6 26. Be3 f5 27. Rab1
Ra8 28. Rfd1 Rxd1 29. Rxd1 Bf6 30. Rb1 Ra3 31. Rb8+ Kf7 32. Rb7+ Ke6 33. Rb6+
Kd5 34. Bc1 Ra2 35. Kf3 Rc2 36. Be3 Ra2 37. Rxf6 Rxe2 38. Kxe2 Nxf6 39. Kf3 h5
40. g4 fxg4+ 41. hxg4 Nxg4 42. Bg1 Nf6 43. Bf2 Ke6 44. Bh4 Kf5 45. Bg5 Nd5 46.
Kg3 Nc7 47. Be7 Ke4 48. Bd6 Ne6 49. Bb8 Nd4 50. Kf2 Nf5 51. Bc7 h4 52. Kg2 Ke3
53. Kh3 Kf3 54. Be5 Ke4 55. Kg4 Kd5 56. Bf6 Ke4 57. Bg5 Ke3 58. Bf6 Ke4 59. Bg5
Ke3 60. Bf6 h3 61. Kxh3 Kxf4 62. Bd8 Ng7 63. Bf6 Ne8 64. Be7 Kf5 65. Bd8 Nd6
66. Be7 Nf7 67. Kg3 Ke6 68. Bh4 Kf5 69. Be7 Ng5 70. Bd8 Ne4+ 71. Kf3 Nc5 72.
Kg3 Ne6 73. Be7 Ng7 74. Bd8 Nh5+ 75. Kh4 Nf4 76. Be7 Nd5 77. Bd8 Nf6 78. Be7
g5+ 79. Kg3 Ne4+ 80. Kg2 g4 81. Bd8 Nc5 82. Bc7 Ne6 83. Bd6 Ng5 84. Bc7 Ne4 85.
Bb8 Kg5 86. Be5 Nd2 87. Kg3 Kf5 88. Bc7 Nc4 89. Bb8 Kg5 90. Bf4+ Kh5 91. Bc7
Ne3 92. Bd8 Nf5+ 93. Kf4 Nh4 94. Bf6 Ng2+ 95. Kg3 Ne3 96. Bd8 Nd5 97. Bh4 Nf4
98. Bd8 Ne6 99. Be7 Ng7 100. Bd8 Nf5+ 101. Kf4 Nd4 102. Kg3 Ne6 103. Be7 Ng5
104. Bd8 Nf7 105. Be7 Nh6 106. Bf6 Kg6 107. Bd8 Kf5 108. Be7 Nf7 109. Bc5 Ng5
110. Be3 Ne4+ 111. Kg2 Nf6 112. Ba7 Nh5 113. Bb8 Nf4+ 114. Kg3 Nh5+ 115. Kh4 g3
116. Bxg3 Nxg3 117. Kxg3 1/2-1/2

[Event "Cto Aragon Equipos Pref Gr II"]
[Site "Aragon"]
[Date "2018.03.10"]
[Round "7.69"]
[White "Fabre Perez, Jose Maria"]
[Black "Planas Torrea, Francisco Javier"]
[Result "1/2-1/2"]
[WhiteElo "1943"]
[BlackElo "2029"]
[PlyCount "167"]
[EventDate "2018.??.??"]
[EventType "tourn"]
[EventRounds "9"]
[EventCountry "ESP"]
[WhiteTeam "Marcos Frechin B"]
[BlackTeam "Ejea"]

1. c4 Nf6 2. Nc3 g6 3. g3 Bg7 4. Bg2 c5 5. a3 Nc6 6. Rb1 a5 7. Nh3 O-O 8. Nf4
d6 9. O-O Bd7 10. d3 Re8 11. Bd2 Rb8 12. Qc1 Nd4 13. b4 axb4 14. axb4 e5 15.
Nfd5 Nxd5 16. Bxd5 cxb4 17. Rxb4 Bc6 18. Qd1 Bxd5 19. Nxd5 e4 20. Be3 Nc6 21.
Rb6 exd3 22. exd3 Ne5 23. Kg2 Qd7 24. h3 Ra8 25. Qe2 Ra6 26. Rfb1 Rxb6 27. Rxb6
Ra8 28. d4 Nc6 29. Qb2 Nd8 30. Bg5 Rb8 31. Bf6 Qe6 32. Bxg7 Kxg7 33. Qd2 Qe4+
34. f3 Qe6 35. Qe3 Nc6 36. Qd3 Ra8 37. Rb2 Ra1 38. Re2 Ra3 39. Qd2 Qf5 40. Ne3
Qf6 41. d5 Ne5 42. f4 Nd3 43. Ng4 Qf5 44. Re3 Rb3 45. Nf2 Nxf4+ 46. gxf4 Qxf4
47. Rd3 Qxc4 48. Rxb3 Qxb3 49. Qd3 Qb2 50. Kf3 b5 51. Ne4 b4 52. Ke3 f5 53. Nf2
b3 54. Nd1 Qe5+ 55. Kd2 b2 56. Kc2 Qh2+ 57. Kb1 f4 58. Nxb2 Qh1+ 59. Nd1 f3 60.
Kc2 Qxh3 61. Nf2 Qg2 62. Qd4+ Kf7 63. Kd2 Qg5+ 64. Kd3 h5 65. Qa7+ Ke8 66. Qb8+
Kd7 67. Qb7+ Ke8 68. Qc8+ Kf7 69. Qe6+ Kg7 70. Qxd6 Qf5+ 71. Ke3 g5 72. Qe7+
Kg6 73. Qd6+ Kf7 74. Qc7+ Kg6 75. Ne4 Qxd5 76. Qb6+ Kg7 77. Qf6+ Kg8 78. Qg6+
Kf8 79. Qh6+ Ke7 80. Qg7+ Kd8 81. Qf8+ Kc7 82. Qe7+ Kb6 83. Qb4+ Kc7 84. Qc3+
1/2-1/2

[Event "Cto Aragon Equipos Pref Gr II"]
[Site "Aragon"]
[Date "2018.03.10"]
[Round "7.70"]
[White "Planas Torrea, Alberto"]
[Black "Gaspar Calvo, Luis Alberto"]
[Result "1/2-1/2"]
[WhiteElo "1941"]
[BlackElo "1915"]
[PlyCount "150"]
[EventDate "2018.??.??"]
[EventType "tourn"]
[EventRounds "9"]
[EventCountry "ESP"]
[WhiteTeam "Ejea"]
[BlackTeam "Marcos Frechin B"]

1. e4 c5 2. Nf3 Nc6 3. d4 cxd4 4. Nxd4 g6 5. Nc3 Bg7 6. Be3 Nf6 7. Be2 O-O 8.
O-O d5 9. exd5 Nb4 10. d6 Qxd6 11. Ncb5 Qb8 12. c4 a6 13. Nc3 Nc6 14. Nd5 Nxd5
15. cxd5 Nxd4 16. Bxd4 Qf4 17. Bxg7 Kxg7 18. Bf3 Rd8 19. Qb3 Rb8 20. Rfe1 e6
21. Rad1 exd5 22. Bxd5 Qf6 23. Re3 Be6 24. Bxe6 Rxd1+ 25. Qxd1 fxe6 26. Qb3 e5
27. Qd5 b5 28. Qxe5 Qxe5 29. Rxe5 Kf6 30. Re2 Rc8 31. g3 g5 32. Kg2 a5 33. a3
Rc4 34. h3 h5 35. Kf3 g4+ 36. hxg4 hxg4+ 37. Ke3 Ke5 38. f3 gxf3 39. Kxf3+ Kf5
40. Rd2 Rc5 41. Rh2 Kg6 42. Ke4 Rc4+ 43. Kd5 Kg5 44. Re2 Rc1 45. Re3 a4 46. Rc3
Rd1+ 47. Kc5 Rd2 48. Kxb5 Rxb2+ 49. Kxa4 Kf5 50. Ka5 Ke5 51. Rc4 Rb3 52. a4
Rxg3 53. Kb6 Rb3+ 54. Ka6 Kd5 55. Rc8 Kd6 56. a5 Kd7 57. Rc4 Kd8 58. Ka7 Rb1
59. a6 Rb2 60. Rh4 Kc7 61. Rh7+ Kc8 62. Rb7 Ra2 63. Rb6 Kc7 64. Rg6 Rb2 65.
Rg7+ Kc8 66. Rg8+ Kc7 67. Ka8 Ra2 68. a7 Ra1 69. Rb8 Ra2 70. Rb5 Rh2 71. Rb8
Ra2 72. Rb3 Rh2 73. Rc3+ Kb6 74. Rc8 Rh7 75. Rb8+ Ka6 1/2-1/2

[Event "Cto Aragon Equipos Pref Gr II"]
[Site "Aragon"]
[Date "2018.03.10"]
[Round "7.71"]
[White "Santos Morales, Julio Cesar"]
[Black "Marcellan Peire, Jesus Eduardo"]
[Result "1/2-1/2"]
[WhiteElo "1904"]
[BlackElo "1934"]
[PlyCount "129"]
[EventDate "2018.??.??"]
[EventType "tourn"]
[EventRounds "9"]
[EventCountry "ESP"]
[WhiteTeam "Marcos Frechin B"]
[BlackTeam "Ejea"]

1. d4 Nf6 2. Nf3 g6 3. b3 Bg7 4. Bb2 O-O 5. e3 d5 6. c4 c6 7. Be2 Bf5 8. Nc3
Nbd7 9. O-O Re8 10. Nh4 Be6 11. cxd5 Bxd5 12. Nxd5 Nxd5 13. Nf3 N7f6 14. Qd3
Qc7 15. Rac1 Rad8 16. Rfd1 Nd7 17. Qc4 Qb8 18. b4 a6 19. Qb3 e6 20. Rc2 Bf8 21.
a3 Bd6 22. e4 Nf4 23. Bf1 Nh5 24. Qc3 Bf8 25. Bc1 Bg7 26. Bg5 Rc8 27. Qe3 Nhf6
28. Bf4 Qa8 29. h3 Red8 30. Rcd2 Qa7 31. Ne5 Qa8 32. Nc4 Ne8 33. h4 h5 34. Be2
b5 35. Na5 e5 36. dxe5 Nxe5 37. Rxd8 Rxd8 38. Rxd8 Qxd8 39. Bxe5 Bxe5 40. Nxc6
Qd6 41. Nxe5 Qxe5 42. f4 Qb2 43. e5 Nc7 44. Bf3 Qb1+ 45. Kh2 Qf5 46. Qe4 Qe6
47. Qc6 Qc4 48. Kg3 Ne6 49. Qe4 Kg7 50. f5 Nd4 51. fxg6 fxg6 52. Qb7+ Kh6 53.
Qe4 Nf5+ 54. Kh3 Qc1 55. g3 Qg1 56. Bg2 Ne3 57. Qf4+ Kh7 58. Qf7+ Kh6 59. Qf8+
Kh7 60. Qe7+ Kh6 61. Qf8+ Kh7 62. Qf7+ Kh6 63. Qf8+ Kh7 64. Qf7+ Kh6 65. Qf8+
1/2-1/2

[Event "Cto Aragon Equipos Pref Gr II"]
[Site "Aragon"]
[Date "2018.03.10"]
[Round "7.72"]
[White "Merin Flores, Miguel Angel"]
[Black "Obon Zuniga, Francisco"]
[Result "1/2-1/2"]
[WhiteElo "1737"]
[BlackElo "1796"]
[PlyCount "76"]
[EventDate "2018.??.??"]
[EventType "tourn"]
[EventRounds "9"]
[EventCountry "ESP"]
[WhiteTeam "Ejea"]
[BlackTeam "Marcos Frechin B"]

1. d4 d5 2. c4 e6 3. Nc3 Nf6 4. Bg5 Be7 5. e3 c6 6. Nf3 Nbd7 7. Qc2 O-O 8. Bd3
Re8 9. O-O dxc4 10. Bxc4 Nd5 11. Bxe7 Qxe7 12. Ne4 N5f6 13. Ng3 c5 14. Rfe1 a6
15. a3 b5 16. Ba2 Bb7 17. Ng5 h6 18. Nh3 Rac8 19. Qe2 Ne4 20. Bb1 Nxg3 21. hxg3
e5 22. dxe5 Qxe5 23. Bc2 c4 24. Rad1 Nc5 25. Nf4 Rcd8 26. Bb1 Be4 27. Bxe4 Qxe4
28. Qh5 Rxd1 29. Rxd1 Nd3 30. Nxd3 cxd3 31. Qc5 Qc4 32. Qd6 Qc2 33. Rxd3 Qxb2
34. Rd2 Qc1+ 35. Rd1 Qc2 36. Rd2 Qc8 37. Kh2 Qe6 38. Qc7 Rc8 1/2-1/2

[Event "División  Honor Aragonesa 2018 "]
[Site "Aragon"]
[Date "2018.03.17"]
[Round "8.1"]
[White "Romero Pallares, Daniel"]
[Black "Forcen Esteban, Daniel"]
[Result "0-1"]
[WhiteElo "2203"]
[BlackElo "2541"]
[PlyCount "84"]
[EventDate "2018.??.??"]
[EventType "tourn"]
[EventRounds "10"]
[EventCountry "ESP"]
[WhiteTeam "Palacio de Pioneros"]
[BlackTeam "Jaime Casas"]

1. d4 Nf6 2. c4 e6 3. Nf3 Bb4+ 4. Bd2 a5 5. Qc2 d6 6. g3 Nc6 7. a3 Bxd2+ 8.
Qxd2 a4 9. Nc3 Bd7 10. Bg2 O-O 11. O-O Na5 12. Qd3 Re8 13. Rfd1 Nb3 14. Rab1 e5
15. dxe5 dxe5 16. Ng5 Nc5 17. Qc2 h6 18. Nce4 Nfxe4 19. Nxe4 Nb3 20. e3 Qc8 21.
Nc3 Bg4 22. Rd5 c6 23. Nxa4 cxd5 24. Nb6 Qf5 25. e4 Nd4 26. exf5 Nxc2 27. Nxa8
Rxa8 28. Bxd5 Bxf5 29. Rc1 Rc8 30. Bxb7 Rb8 31. Bd5 Rxb2 32. c5 Rb5 33. f3 Rxc5
34. Bb3 Rc3 35. Ba4 Rxf3 36. Bxc2 Rc3 37. Re1 Rxc2 38. Rxe5 Bh3 39. Re4 Rg2+
40. Kh1 Ra2 41. Re1 Rxa3 42. Kg1 Ra2 0-1

[Event "División  Honor Aragonesa 2018 "]
[Site "Aragon"]
[Date "2018.03.17"]
[Round "8.2"]
[White "Ramiro Ovejero, Juan Luis"]
[Black "Palacios Herrero, Pablo"]
[Result "1-0"]
[WhiteElo "2384"]
[BlackElo "2165"]
[PlyCount "91"]
[EventDate "2018.??.??"]
[EventType "tourn"]
[EventRounds "10"]
[EventCountry "ESP"]
[WhiteTeam "Jaime Casas"]
[BlackTeam "Palacio de Pioneros"]

1. e4 e6 2. d4 d5 3. Nd2 Nf6 4. e5 Nfd7 5. Bd3 c5 6. c3 Nc6 7. Ngf3 Qb6 8. O-O
g6 9. dxc5 Qc7 10. Bb5 Bg7 11. Nb3 O-O 12. Bf4 Ndxe5 13. Bxc6 bxc6 14. Nxe5
Bxe5 15. Bxe5 Qxe5 16. f4 Qc7 17. Qd4 a5 18. Rae1 a4 19. Nd2 Bd7 20. Nf3 Ra5
21. b4 axb3 22. axb3 Bc8 23. h4 f6 24. Ra1 Ba6 25. Rxa5 Bxf1 26. Ra2 Bb5 27. c4
dxc4 28. bxc4 e5 29. fxe5 Qf7 30. exf6 Qxc4 31. Rf2 Qxd4 32. Nxd4 Kf7 33. Rf4
Re8 34. g4 h6 35. g5 hxg5 36. hxg5 Re5 37. Nf3 Rxc5 38. Re4 Rf5 39. Kf2 c5 40.
Re5 Bd3 41. Ke3 Kf8 42. Re7 c4 43. Nd4 Rf1 44. Ne6+ Kg8 45. Rg7+ Kh8 46. f7 1-0

[Event "División  Honor Aragonesa 2018 "]
[Site "Aragon"]
[Date "2018.03.17"]
[Round "8.3"]
[White "Dan, Teodor"]
[Black "Gines Esteo, Pedro Antonio"]
[Result "0-1"]
[WhiteElo "2164"]
[BlackElo "2386"]
[PlyCount "78"]
[EventDate "2018.??.??"]
[EventType "tourn"]
[EventRounds "10"]
[EventCountry "ESP"]
[WhiteTeam "Palacio de Pioneros"]
[BlackTeam "Jaime Casas"]

1. d4 d6 2. Nf3 Nd7 3. c4 e5 4. Nc3 Ngf6 5. e4 c6 6. Be2 g6 7. O-O Bg7 8. Be3
O-O 9. d5 c5 10. Ne1 Ne8 11. g4 Nb6 12. Kh1 Bd7 13. Rg1 Kh8 14. Rc1 Nc8 15. a3
Ne7 16. b4 b6 17. Nd3 f5 18. f3 f4 19. Bd2 g5 20. bxc5 bxc5 21. Rb1 h5 22. gxh5
Bh6 23. Nf2 Kh7 24. Bf1 Nf6 25. Bh3 Be8 26. Rb7 Bxh5 27. Nb5 Rg8 28. Nxa7 Rg7
29. Ng4 Nxg4 30. Bxg4 Bxg4 31. Rxg4 Nxd5 32. Nc6 Ne3 33. Bxe3 Qe8 34. Rxg7+
Bxg7 35. Qd5 fxe3 36. Ne7 e2 37. Rg1 Rxa3 38. Nf5 Qh5 39. Re1 Rxf3 0-1

[Event "División  Honor Aragonesa 2018 "]
[Site "Aragon"]
[Date "2018.03.17"]
[Round "8.4"]
[White "Fontana Sotomayor, Luis Javier"]
[Black "Baquedano Coarasa, Pablo"]
[Result "1-0"]
[WhiteElo "2239"]
[BlackElo "2156"]
[PlyCount "69"]
[EventDate "2018.??.??"]
[EventType "tourn"]
[EventRounds "10"]
[EventCountry "ESP"]
[WhiteTeam "Jaime Casas"]
[BlackTeam "Palacio de Pioneros"]

1. d4 Nf6 2. Nf3 g6 3. Bg5 Bg7 4. Nbd2 d5 5. e3 Bf5 6. Be2 O-O 7. O-O Nbd7 8.
b4 a5 9. b5 c5 10. bxc6 bxc6 11. c4 h6 12. Bh4 Re8 13. Rc1 Ne4 14. cxd5 cxd5
15. Nxe4 dxe4 16. Nd2 g5 17. Bg3 e5 18. Nc4 Qe7 19. dxe5 Rec8 20. Nd6 Rxc1 21.
Qxc1 Bg6 22. Qc6 Rf8 23. Nxe4 Nxe5 24. Qd6 Qxd6 25. Nxd6 h5 26. f4 gxf4 27.
exf4 Bd3 28. Bxd3 Nxd3 29. Nf5 Bf6 30. Rd1 Nb4 31. Rd6 Bd8 32. a3 Nc2 33. a4
Bc7 34. Rc6 Rc8 35. Ne7+ 1-0